Fini les paroles : Maes - Statistiques

Statistiques générales
  • Ce quiz a été pris 205 fois
  • Le résultat moyen est 13 sur 30
Statistiques - réponses
Chansons Nombre de mots manquants Paroles Réponse % Correct
RS6 1 J'suis en cellule, à la son-mai J'suis dans l'niak c'est moi qui fournit Joli sourire mais j'suis plutôt... Mauvais
89%
Distant 2 Si on t'a tout ram'né sur un plateau Elle connaît la réponse vu la question Grandi dans la rue des... Mauvais garçons
78%
Fetty Wap 2 M'faire péter, j'peux plus m'permettre Quand j'les vois, j'cours comme Raheem Sterling J'suis cramé dans l'périmètre, y a six-cents chevaux dans... La berline
72%
Billets verts 1 Trois heures du mat' j'suis toujours dehors Contrôle de routine j'ves-qui les porcs J'ai connu l'vinaigre il m'faut du... Miel
68%
Blanche 1 J’v'-esqui le parquet, c’est soit Bercy soit du ferme J’suis dans le carré, loin d’Bois-d’Arcy, j’ai mon fer J’barode dans la ville, sept cents chevaux... Ferrari
65%
Switch Up 1 Ouais j'suis posé dans l'binks, han Ouais j'suis posé dans l'binks, han Tes ennemis sont posés avec mes gavas dans l'... Club
61%
Tmax 530 2 Mais elle sait pas que j'connais son frère, hein Inexplicable, inexpliqué Il est quatre heures du mat' au mitard... Sans briquet
59%
CORDILLÈRE 2 J'descends d'un bolide gris J'ai le même toit qu'un ciel étoilé Les frères avant... Les filles
53%
Dybala 3 Dix salaires mensuels sur ta tête Quand y'a problème, t'es plus dans la tess' Quelques jeunes filles pour rencarder... Mes pires ennemis
53%
Mama 4 J'tourne en mandat d'dépôt, j'attends le jour de ma peine 18 mois toujours pas condamné J'suis sorti, c'est tous les jours le... Jour de ma paye
52%
Dragovic 1 Sers-toi comme en cellule, j'vends du shit même aux re-shtas 450 CRF ont rayé l'Honda Plus l'temps pour les têtes à têtes, le pe-pom vous... Répondra
51%
Street 5 Que d'la D, j'sors le binks, j'tire dans le tas Toujours pas sorti de la de-mer J'vends 0.9, toujours pas... La vue sur la mer
44%
MARIO 1 À quoi bon sert de ramener v'là les mecs AK, où t'es? Eux, ils sont partis pour peu Ça ou fait, j'suis la mort sur un... Scooter
44%
Galactic 1 La mi-temps c'est à six P.M, que des vrais colis en DM J'hésite entre Urus et X6 M, j't'allume si t'es XXL Les keufs ont tout en pixels, le kil' descend par... Bruxelles
43%
ARSENAL 3 Tu sais pas ce qu'on a dû faire pour si tu savais Si tu savais Y a du crack et des armes à l'étage... Quelques billets colorés
40%
Madrina 3 J'suis enfouraillé, sur joint de marocain Sur les réseaux t'es un mannequin, faux, chez nous, t'es un tapin Le gamos est allemand, le... Produit de Sevran
39%
Neb Nedal 2 Ballon, marqueur bleu, j'me créé l'occasion J'viendrai t'choquer ta mère, j'suis pas dans la provocation Font les vivants mais s'cotisent à quatre pour... Une location
39%
INTERPOL 3 J'vesqui police nationale avant d′finir à Fresnes Dix mille eu' la mi-temps, le terrain n′connaît pas l'chômage Faut payer les montants sinon... Intérêts et dommages
35%
Méchant 1 Elle veut être ma go, elle veut des G, Versace
Elle veut quatre anneaux, elle va bosser, faut l'cachet
J'coupe le kil' en deux, j'fais chauffer la lame, j'mets tout en...
Sachet
35%
Sale histoire 4 Ta sœur est fille facile Voiture allemande comme Hitler, je sens qu'j'vais faire fureur Fin du dépôt, du mitard, les... Secondes sont des heures
35%
Outro (Maes / Pure) 2 T'as entendu détonation, mais c'est trop tard J't'ai laissé pour mort, allongé sur le trottoir Akrapovich, j'suis nerveux comme le... Deux temps
31%
4MOTION 3 Elle m'connaissait avant mes CD Elle m'voyait quand j'vendais des ces-di C'est toujours les mêmes en bas du bâtiment qui font... Jeudi à jeudi
30%
93 2 Un tireur cagoulé, on fait v'là la presse On agit et on parle après Et c'est chacun... Son parapluie
30%
Akatsuki 3 On donne la confiance à personne Attaché finira comme sushi Ça tire toujours en dessous... De la casquette
25%
Avenue Montaigne 2 Toi et moi, pas les mêmes délits Ils ont pris mon temps, argent comptant Avenue Montaigne, ils voient plus... Mon teint
23%
MONAK 2 Tu parles trop on m'a ditJ'suis souvent armé dans la ville Et si on rafale par la vitre, pas d'... Arrêt maladie
18%
Quotidien 3 Tu nous connais, y a personne qui va séparer Petit, j'étais collé, j'faisais collage, sortie d'collège Ils mettent tout dans l'paraître, s'ont pas un rond... Pas un carré
17%
Criminel 2 Y a que d'la palette, y a aucun métal Quand j'pense à tous les faits divers, j'suis proche d'la centrale J'suis sous les payat', j'vois... Aucun message
13%
PAF 1 J′fais péter les paf
On connait que l'omerta
Le cœur est accidenté le...
Cœur
7%
GALERIE 4 J'suis toujours frais c'est pas la rentrée Gros ça peut t'éteindre parlons en français Parle plan sûr, si tu veux pas... Finir sur le journal
4%
Aucun quiz correspondant
Distribution des résultats
% des personnes avec chaque résultat
Percentile par nombre de réponses
Votre historique - résultats
Vous n’avez pas pris ce quiz